LEADER 01054nam0-22003611i-450- 001 990008123180403321 005 20060308123121.0 010 $a88-77-96141-4 035 $a000812318 035 $aFED01000812318 035 $a(Aleph)000812318FED01 035 $a000812318 100 $a20050601d2003----km-y0itay50------ba 101 0 $aita 102 $aIT 105 $a--------001cy 200 1 $aBiodiritto del corpo umano$eipotesi sui fondamenti$fMariella Galvagno 210 $aAcireale ; Roma$cBonanno$d©2003 215 $a197 p.$d21 cm 225 1 $aInterventi$hD.A.P.P.S.I. dell'Università degli studi di Catania 320 $aContiene biblio. (pp. 181-197) 610 0 $aCorpo umano$aTutela 610 0 $aBioetica 676 $a174.957$v21$zita 676 $a344.04194$v21$zita 700 1$aGalvagno,$bMariella$0497880 801 0$aIT$bUNINA$gRICA$2UNIMARC 901 $aBK 912 $a990008123180403321 952 $a174.957 GAL 1$b2813$fBFS 959 $aBFS 996 $aBiodiritto del corpo umano$9758579 997 $aUNINA LEADER 00923nam--2200361---450- 001 990003096540203316 005 20110805111859.0 035 $a000309654 035 $aUSA01000309654 035 $a(ALEPH)000309654USA01 035 $a000309654 100 $a20080416d1946----km-y0itay50------ba 101 $afre 102 $aFR 105 $a||||||||001yy 200 1 $aAntigone$fJean Anouilh 210 $aParis$cLa table ronde$d1946 215 $a133 p.$d19 cm 410 0$12001 454 1$12001 461 1$1001-------$12001 606 0 $aLetteratura drammatica francese 676 $a842.9 700 1$aANOUILH,$bJean$0196483 801 0$aIT$bsalbc$gISBD 912 $a990003096540203316 951 $aII.4.A.160$b2513 DSLL 959 $aBK 969 $aDSLL 979 $aDSLL$b90$c20080416$lUSA01$h1356 979 $aDSLL$b90$c20110805$lUSA01$h1118 996 $aAntigone$91019345 997 $aUNISA LEADER 03416nam 2200637 450 001 9910807389303321 005 20230814223108.0 010 $a3-11-056092-5 010 $a3-11-056381-9 024 7 $a10.1515/9783110563818 035 $a(CKB)4100000005043727 035 $a(MiAaPQ)EBC5157718 035 $a(DE-B1597)487516 035 $a(OCoLC)1025379090 035 $a(DE-B1597)9783110563818 035 $a(Au-PeEL)EBL5157718 035 $a(CaPaEBR)ebr11605183 035 $a(EXLCZ)994100000005043727 100 $a20180921d2018 uy 0 101 0 $ager 135 $aurcnu|||||||| 181 $ctxt$2rdacontent 182 $cc$2rdamedia 183 $acr$2rdacarrier 200 10$aPra?teritumschwund im Deutschen $eDokumentation und Erkla?rung eines Verdra?ngungsprozesses /$fHanna Fischer 210 1$aBerlin ;$aBoston :$cDe Gruyter,$d[2018] 210 4$d©2018 215 $a1 online resource (450 pages) 225 1 $aStudia Linguistica Germanica ;$vBand 132 311 $a3-11-056070-4 320 $aIncludes bibliographical references and index. 327 $tFrontmatter -- $tVorwort -- $tInhalt -- $t1. Einleitung -- $t2. Die Dokumentation des Präteritumschwunds -- $t3. Die Erklärung des Präteritumschwunds -- $t4. Ergebnisse der Arbeit und Ausblick -- $t5. Verzeichnisse -- $tRegister 330 $aSeit 130 Jahren bemüht sich die sprachwissenschaftliche Forschung vergeblich um eine plausible Erklärung des sog. "Präteritumschwunds": dem Verlust der Präteritumformen im gesprochenen Deutsch. Die vorliegende Arbeit setzt an diesem Desiderat an und führt in innovativer Weise Theoriebildung, Erkenntnisse und Methoden aus unterschiedlichen linguistischen Disziplinen - Dialektologie, Sprachgeschichte, Grammatikforschung, Tempus & Aspekt-Forschung - ertragreich zusammen. Die Studie liefert zum einen eine umfassende Dokumentation des Präteritumschwunds in Raum und Zeit. Dazu werden in Form einer Metanalyse zahlreiche Dialektgrammatiken, Sprachkarten und Korpusstudien ausgewertet und zu einem Gesamtbild zusammengefügt. Die gestaffelte Verteilung von Präteritumformen im Raum sowie die historische Entwicklung lassen auf eine sukzesssive und prinzipiengeleitete Verdrängung der Präteritumformen durch die expandierende Perfektform schließen. Zum anderen wird auf Basis von modernen theoretischen Konzepten eine Erklärung erarbeitet, die neben der Ursache des Prozesses auch weitere Faktoren des Präteritumschwunds bestimmt und eine europäische Perspektive eröffnet. 410 0$aStudia linguistica Germanica ;$vBand 132. 606 $aGerman language$xTense 606 $aGerman language$xVerb 606 $aFOREIGN LANGUAGE STUDY / German$2bisacsh 606 $aLANGUAGE ARTS & DISCIPLINES / Linguistics / General$2bisacsh 610 $aAspect. 610 $aPresent Perfect. 610 $aPreterit. 610 $aTense. 615 0$aGerman language$xTense. 615 0$aGerman language$xVerb. 615 7$aFOREIGN LANGUAGE STUDY / German. 615 7$aLANGUAGE ARTS & DISCIPLINES / Linguistics / General. 676 $a435/.62 686 $aFOR009000$aLAN009000$2bisacsh 700 $aFischer$b Hanna$f1983-$01633759 801 0$bMiAaPQ 801 1$bMiAaPQ 801 2$bMiAaPQ 906 $aBOOK 912 $a9910807389303321 996 $aPra?teritumschwund im Deutschen$93973659 997 $aUNINA